Państwa Ameryki Południowej z pustą mapą - Statystyki

Ogólne statystyki
  • Ten quiz został rozwiązany 27 831 razy
  • Średni wynik to 11 z 12
Odpowiedzi na mapie
Odpowiedzi zakodowano w zielono-czerwonej skali na mapie do tego quizu, zgodnie z poniższymi procentami.
 
Statystyki odpowiedzi
Państwo % Poprawnych
Brazylia
100%
Argentyna
99%
Chile
98%
Kolumbia
94%
Peru
94%
Urugwaj
94%
Boliwia
93%
Wenezuela
92%
Paragwaj
90%
Ekwador
88%
Gujana
82%
Surinam
76%
Nie znaleziono quizów pasujących do podanych kryteriów
Rozkład punktacji
Procent ludzi z każdym wynikiem
Percentyl według liczby udzielonych odpowiedzi
Twoja historia wyników
Nie rozwiązałeś tego quizu